| 000 | 01067cab a2200241 4500 | ||
|---|---|---|---|
| 001 | ABS44788 | ||
| 008 | 090401t1991 xxu||||| |||| 00| 0 eng d | ||
| 035 | _a(Sirsi) u49062 | ||
| 041 | _aeng | ||
| 100 | _aLloyd, H. | ||
| 245 | _aYou can still appoint an arbitrator if you are quick | ||
| 260 | _c1991 | ||
| 350 | _a0 | ||
| 490 |
_aBuilding _v256 (7704) 5 July 1991, 25 |
||
| 520 | _aDiscusses the provisions of Arbitration Act 1950 s27 allowing late arbitration in contractual disputes whereby otherwise claims would be barred under terms of the contract. Refers to case law : McLaughlin & Harvey v P&O Developments Commercial Court April 1991 and Comdel Commodities v Siprex Trade No 2 HL 7 June 1990. | ||
| 650 | _aEMSON CONTRACTORS LTD V PROTEA ESTATES LTD | ||
| 650 | _aFINAL CERTIFICATE PROVISIONS | ||
| 650 | _aJCT STANDARD FORM OF BUILDING CONTRACT (1980 EDITION) | ||
| 650 | _aTIME LIMIT | ||
| 690 | _aMANAGEMENT-DISPUTE AVOIDANCE, MANAGEMENT AND RESOLUTION-DISPUTE MANAGEMENT AND RESOLUTION-ARBITRATION | ||
| 942 | _n0 | ||
| 948 | _c04/03/1997 | ||
| 999 |
_c30741 _d30741 |
||